Miasta powyżej 600 000 mieszkańców najbliżej Warszawy - Statystyki

Ogólne statystyki
  • Ten quiz został rozwiązany 125 razy
  • Średni wynik to 27 z 52
Statystyki odpowiedzi
Kilometrów Odpowiedź % Poprawnych
293 km Kraków
97%
140 km Łódź
97%
574 km Berlin
94%
550 km Mińsk
89%
782 km Kijów
88%
1255 km Moskwa
86%
683 km Praga
86%
348 km Wrocław
85%
674 km Wiedeń
76%
783 km Budapeszt
74%
393 km Lwów
74%
1591 km Paryż
73%
1085 km Helsinki
72%
1075km Monachium
72%
1646 km Sztokholm
72%
688 km Ryga
71%
1352 km Bukareszt
67%
1786 km Rzym
67%
852 km Hamburg
66%
1635 km Londyn
66%
1192 km Petersburg
64%
1195 km Amsterdam
59%
1259 km Charków
59%
1539 km Mediolan
59%
1228 km Belgrad
57%
1110 km Kolonia
55%
1617 km Sofia
54%
2027 km Marsylia
50%
1985 km Neapol
50%
1235 km Odessa
50%
1639 km Turyn
50%
1532 km Donieck
48%
1229 km Rotterdam
45%
2020 km Stambuł
44%
980 km Kiszyniów
42%
1261 km Dniepr
35%
1849 km Birmingham
34%
1076 km Frankfurt nad Menem
27%
1120 km Stuttgart
26%
1951 km Tirana
26%
1660 km Genua
25%
1339 km Zaporoże
25%
1109 km Dusseldorf
24%
1953 km Leeds
23%
1689 km Niżny Nowogród
21%
1722 km Rostów nad Donem
19%
1442 km Woroneż
19%
1656 km Skopje
17%
1193 km Krzywy Róg
16%
1906 km Krasnodar
13%
1521 km Jarosław
9%
2001 km Saratów
8%
Nie znaleziono quizów pasujących do podanych kryteriów
Rozkład punktacji
Procent ludzi z każdym wynikiem
Percentyl według liczby udzielonych odpowiedzi
Twoja historia wyników
Nie rozwiązałeś tego quizu